|
|
|
|
| LEADER |
00000nam0a2200000 4500 |
| 001 |
116959 |
| 005 |
20231101215350.0 |
| 010 |
|
|
|a 572210728X
|
| 035 |
|
|
|a (RuTPU)RU\TPU\book\126568
|
| 090 |
|
|
|a 116959
|
| 100 |
|
|
|a 20070529d2006 km y0rusy50 ca
|
| 101 |
0 |
|
|a rus
|
| 102 |
|
|
|a RU
|
| 105 |
|
|
|a a g 001zy
|
| 200 |
1 |
|
|a Решение практических задач при бурении и освоении скважин
|e справочное пособие
|f А. И. Булатов, Ю. М. Проселков
|
| 210 |
|
|
|a Краснодар
|c Советская Кубань
|d 2006
|
| 215 |
|
|
|a 744 с.
|c ил.
|
| 320 |
|
|
|a Литература: с. 736-737.
|
| 330 |
|
|
|a В книге изложены расчетные методики и практические рекомендации по проектированию и управлению технологическими процессами и операциями. Приведены многочисленные примеры технических и технологических расчетов, практические алгоритмы типичных и специфичных технологических операций. Описаны решения большинства практических задач при конструировании скважин, при выборе бурового промывочного раствора и технологии его приготовления, очистки, кондиционирования, бурового инструмента и режимов бурения скважин. Дан полный гидродинамический расчет сооружаемой скважины, описаны расчетные методики по выбору компоновок обсадных колонн, режимных характеристик их цементирования. Особое внимание уделено решению практических задач в период освоения нефтяных и газовых скважин, при ликвидации осложнений, возникающих в процессе сооружения и освоения скважин. Книга предназначена для студентов и аспирантов, специализирующихся по нефтегазовому направлению, для инженеров, занимающихся проектированием скважин и непосредственным их сооружением, для научных работников нефтяной и газовой отраслей промышленности.
|
| 606 |
1 |
|
|a Буровые работы
|2 stltpush
|3 (RuTPU)RU\TPU\subj\30603
|9 53690
|
| 610 |
1 |
|
|a скважины
|
| 610 |
1 |
|
|a конструирование
|
| 610 |
1 |
|
|a буровые промывочные растворы
|
| 610 |
1 |
|
|a выбор
|
| 610 |
1 |
|
|a приготовление
|
| 610 |
1 |
|
|a очистка
|
| 610 |
1 |
|
|a буровые инструменты
|
| 610 |
1 |
|
|a бурение
|
| 610 |
1 |
|
|a режимы бурения
|
| 610 |
1 |
|
|a буровые насосы
|
| 610 |
1 |
|
|a производительность
|
| 610 |
1 |
|
|a гидродинамические расчеты
|
| 610 |
1 |
|
|a обсадные колонны
|
| 610 |
1 |
|
|a компоновка
|
| 610 |
1 |
|
|a расчет
|
| 610 |
1 |
|
|a цементирование
|
| 610 |
1 |
|
|a спуск
|
| 610 |
1 |
|
|a аэрированные тампонажные растворы
|
| 610 |
1 |
|
|a освоение
|
| 610 |
1 |
|
|a фильтры
|
| 610 |
1 |
|
|a конструкции
|
| 610 |
1 |
|
|a продуктивные пласты
|
| 610 |
1 |
|
|a осложнения
|
| 610 |
1 |
|
|a ликвидация
|
| 610 |
1 |
|
|a справочники
|
| 675 |
|
|
|a 622.24(035)
|v 3
|
| 700 |
|
1 |
|a Булатов
|b А. И.
|g Анатолий Иванович
|
| 701 |
|
1 |
|a Проселков
|b Ю. М.
|g Юрий Михайлович
|
| 801 |
|
1 |
|a RU
|b 63413507
|c 20070529
|g PSBO
|
| 801 |
|
2 |
|a RU
|b 63413507
|c 20160115
|g PSBO
|
| 942 |
|
|
|c BK
|
| 959 |
|
|
|a 46/20070529
|d 2
|e 1810,00
|f АНЛ:1
|f ЧЗТЛ:1
|
| 959 |
|
|
|a 56/20090428
|d 5
|e 1990,00
|f УФ:5
|